000 00613nam a2200229Ia 4500
003 OSt
005 20221005115025.0
006 a|||||r|||| 00| 0
007 ta
008 221004b |||||||| |||| 00| 0 eng d
024 _a40299
037 _cTextual
040 _aCRL
_cCRL
_beng
041 _2eng
_aeng
082 _aO:6L75a, D8
100 _aThomson J C
_9627005
245 0 _aBibliography of the writings of Charles and Mary Lamb
_b A literary history
260 _c1908
650 _aENGLISH LITERATURE
942 _hO:6L75a, D8
_cTEXL
_2cc
999 _c1033211
_d1033211